000 00627cam a2200217ua 4500
005 20220919153927.0
008 190801n ii |||gr||||Z||||||eng
020 _a9780190121358
040 _cMAIN
_aIN-DiNC
041 _deng
082 _a808
_bBOR
100 _aBordoloi, Mridul
_eauthor
245 _aVibrant hues/
_cBy Mridul Bordoloi and Pratik Chowdhury/
250 _a1st ed.
260 _aNew Delhi:
_bOxford,
_c2019.
300 _a119p.
650 _aEnglish prose and short stories for first semester
653 _aRhetoric & collections of literature
700 _aChowdhury, Pratik
_eauthor
942 _cBK
_2ddc
999 _c9935
_d9935